| Поле | Инд. | ПП | Название | Значение |
|---|---|---|---|---|
| Тип записи | a | |||
| Библиографический уровень | m | |||
| 001 | Контрольный номер | RU/LIBMSTU/264780885 | ||
| 005 | Дата корректировки | 20140506145649.5 | ||
| 020 | 00 | a | ISBN | 5-94125-001-0 |
| c | Цена, тираж | 52-65 | ||
| 084 | a | Индекс другой классификации/Индекс ББК | 67.405.212+65.272 | |
| 090 | a | Полочн. индекс | 67.405 | |
| x | Авторский знак | Щ 95 | ||
| 100 | 10 | a | Автор | Щуко Л. П. |
| 245 | 00 | a | Заглавие | Новый расчет государственных пенсий |
| b | Продолж. заглавия | По состоянию на 1 августа 2000 года | ||
| 250 | 00 | a | Основные сведения об издании | 3-е изд., перераб. и доп. |
| 260 | 00 | a | Место издания | Санкт-Петербург |
| b | Издательство | Герда | ||
| c | Дата издания | 2000 | ||
| 300 | 00 | a | Объем | 348 с. |
| 650 | _4 | a | Основная рубрика | Пенсионное обеспечение |
| 653 | 00 | a | Ключевые слова | Государственные пенсии |
| a | Ключевые слова | Законодательство | ||
| a | Ключевые слова | Реформы | ||
| 990 | 00 | f | Даты поступлений (DOS) | 12.00 |